| 000 | 00491ngm a22001817a 4500 | ||
|---|---|---|---|
| 005 | 20220606142308.0 | ||
| 008 | 160208b xxu||||| |||| 00| 0 spa d | ||
| 041 | _aspa | ||
| 082 | _a224 DVD | ||
| 245 | _aEncasillados en la tierra de los pingüinos | ||
| 300 | _a12 MINUTOS | ||
| 650 |
_aCOMUNICACIÓN _9490 |
||
| 650 |
_aRELACIONES HUMANAS _963476 |
||
| 650 |
_aRELACIONES LABORALES _9400 |
||
| 650 |
_aFORMACIÓN DE EQUIPOS _942832 |
||
| 650 |
_aTRABAJO EN EQUIPO _9731 |
||
| 942 | _cDVD | ||
| 999 |
_c9487 _d9487 |
||